| 000 | 00659nam a2200217 a 4500 | ||
|---|---|---|---|
| 005 | 20240806064032.0 | ||
| 008 | 040913s1994 es r 000 0 spa d | ||
| 020 | _a8433911457 | ||
| 035 | _aUPN01000134700 | ||
| 049 | _aCG | ||
| 050 | 4 |
_aPS3505 A5.9 _bA7.5 |
|
| 100 | 1 |
_aCapote, Truman, _d1924-1984 _928651 |
|
| 245 | 1 | 3 |
_aEl arpa de hierba / _cTruman Capote ; tr. Joaquín Adsuar. |
| 260 |
_aBarcelona, Esp. : _bAnagrama, _c1994. |
||
| 300 | _a187 p. | ||
| 440 | 0 |
_aBiblioteca Truman Capote ; _v225 |
|
| 534 |
_pTraducción de: _tThe grass harp |
||
| 650 | 4 |
_aLiteratura estadounidense _95229 |
|
| 650 | 4 |
_aDRAMA ESTADOUNIDENSE _914224 |
|
| 905 | _aLibro | ||
| 999 |
_c106851 _d106851 |
||